| 000 | 00908nam a2200217 a 4500 | ||
|---|---|---|---|
| 001 | 000045360 | ||
| 003 | DO-SdBNP | ||
| 005 | 20210903102526.0 | ||
| 008 | 150305s2015 dr ac 000 0 spa d | ||
| 040 |
_aDO-SdBNP _bspa _cBNPHU |
||
| 082 |
_axxxx _bxxxx |
||
| 100 | 1 |
_aGómez, Arelis _973395 |
|
| 245 | 1 | 0 |
_aEstrategia de implementación de los centros de recursos multimodales para el aprendizaje : _bEl tránsito de la Biblioteca a Centro de Recursos / _cArelis Gómez e Isabel Vargas. |
| 260 |
_aSanto Domingo : _bCEED _bCREM _bINTEC, _c2015. |
||
| 300 |
_a27 p. : _bil. ; _c28 cm. |
||
| 500 | _aPrograma de formación y acompañamiento centrado en la escuela, distrito 15-04 | ||
| 504 | _aBibliografía : p. 25-27 | ||
| 700 | 1 | 2 |
_aVargas, Isabel _973396 |
| 710 | 2 | 2 |
_aCentro de Estudios Educativos del Instituto Tecnológico de Santo Domingo (CEED-INTEC), República Dominicana _973397 |
| 942 |
_2ddc _cLBS1 |
||
| 999 |
_c44849 _d44849 |
||